| 000 | 00659nam a2200217 a 4500 | ||
|---|---|---|---|
| 005 | 20230527063636.0 | ||
| 008 | 170213s2012 mx r 000 0 spa d | ||
| 020 | _a9786071712547 | ||
| 035 | _aUPN01000215989 | ||
| 049 | _aCG | ||
| 050 | 4 |
_aBF637 C5 _bC3.3 |
|
| 100 | 1 |
_aCastro González, María del Carmen _940648 |
|
| 245 | 1 | 0 |
_aCoaching en acción : _bherramientas de intervención / _cMaría del Carmen Castro González. |
| 260 |
_aMéxico : _bTrillas, _cc2012. |
||
| 300 |
_a119 p. : _bil. |
||
| 650 | 4 |
_aConducta de vida _94416 |
|
| 650 | 7 |
_aMotivación (Psicología) _2 _95909 |
|
| 650 | 4 |
_aASESORES _98306 |
|
| 905 | _aLibro | ||
| 999 |
_c188089 _d188089 |
||